Bauhaus : the face of the 20th cuntury
Η ιστορία της σχολής Bauhaus, και η επιρροή που άσκησε σε άλλες σχολές τέχνης καθώς και στο βιομηχανικό σχέδιο
Αποθηκεύτηκε σε:
| Άλλοι συγγραφείς: | |
|---|---|
| Μορφή: | |
| Γλώσσα: | English |
| Δημοσίευση: |
[London] :
BBC/RM Arts,
distributed by Phaidon c1994
|
| Θέματα: | |
| Ετικέτες: |
Προσθήκη ετικέτας
Δεν υπάρχουν, Καταχωρήστε ετικέτα πρώτοι!
|
MARC
| LEADER | 00000cgm a2200000 i 4500 | ||
|---|---|---|---|
| 001 | 1/105339 | ||
| 008 | 090521s1994 ||| eng | ||
| 020 | |a 0-7148-6002-6 | ||
| 035 | |l 10104789 | ||
| 040 | |a GR-MY-UA |b gre |e aacr | ||
| 041 | 0 | |a eng | |
| 082 | 0 | |a 707.1143 |2 (22) | |
| 245 | 1 | 0 | |a Bauhaus : |h [μαγνητοσκόπηση] / |b the face of the 20th cuntury |c Written and narrated by Frank Whitford |
| 260 | |a [London] : |b BBC/RM Arts, |c distributed by Phaidon |c c1994 | ||
| 300 | |a 1 βιντεοκασέτα (50 λεπτ.); |b ομίλ., έγχρ.; |c 1/2 ίν. | ||
| 500 | |a VHS | ||
| 508 | |a Μοντάζ: Colin Knieff, εκτέλεση παραγωγής: Janice Hadlow, παραγωγή: Julia Cave | ||
| 520 | |a Η ιστορία της σχολής Bauhaus, και η επιρροή που άσκησε σε άλλες σχολές τέχνης καθώς και στο βιομηχανικό σχέδιο | ||
| 650 | 0 | 0 | |a Design |z Germany |x History |y 20th century. |
| 650 | 0 | 0 | |a Architecture, Modern |y 20th century. |
| 650 | 0 | 0 | |a Art |x Study and teaching |z Germany. |
| 700 | 1 | |a Whitford, Frank. |4 nrt | |
| 852 | |a INST |b SYROS |c AV |e 20090521 |h 707.1143 BAU |p 005500008404 |q 005500008404 |t VC |y 23 | ||
| 901 | |a BIBL5-2008-1 | ||
| 909 | |a Ε |b 154742 | ||
| 970 | |a ΚΟΝΤΟΥ |b ΠΑΡΑΣΚΕΥΗ |z 2009/05/21 | ||